[Event "Bremen Silvester op"]
[Site "Bremen"]
[Date "2018.12.27"]
[Round "1"]
[White "Summers, Jan"]
[Black "Bart, Simon"]
[Result "0-1"]
[WhiteElo "1692"]
[BlackElo "2072"]
[PlyCount "42"]
[EventDate "2018.12.27"]
[EventType "swiss"]
[EventRounds "7"]
[EventCountry "GER"]
[SourceTitle "CBM 188 Extra"]
[Source "ChessBase"]
[SourceDate "2019.02.28"]
[SourceVersion "1"]
[SourceVersionDate "2019.02.28"]
[SourceQuality "1"]

1. e4 c5 2. Nf3 d6 3. d4 cxd4 4. Nxd4 Nf6 5. Nc3 a6 6. f3 e6 7. Be3 Be7 8. Be2 Qc7 9. 0-0 Nbd7 10. Qe1 b5 11. a3 Bb7 12. Rd1 0-0 13. Bd3 Rfc8 14. f4 Ng4 15. f5 d5 16. Nf3 Nxe3 17. Qxe3 Bc5 18. Nd4 e5 19. Nce2 exd4 20. Nxd4 dxe4 21. Bxe4 Re8 0-1

[Event "Hamburg-chA"]
[Site "Hamburg"]
[Date "2018.05.27"]
[Round "7"]
[White "Lu, Siyuan"]
[Black "Summers, Jan"]
[Result "1/2-1/2"]
[WhiteElo "1507"]
[BlackElo "1728"]
[PlyCount "102"]
[EventDate "2018.05.19"]
[EventType "swiss"]
[EventRounds "7"]
[EventCountry "GER"]
[SourceTitle "EXT 2020"]
[Source "ChessBase"]
[SourceDate "2019.10.17"]
[SourceVersion "1"]
[SourceVersionDate "2019.10.17"]
[SourceQuality "1"]

1. e4 c5 2. Nf3 Nc6 3. d4 cxd4 4. Nxd4 g6 5. Be3 Bg7 6. Nc3 Nf6 7. Bc4 Qa5 8. Nb3 Qb4 9. Bd3 Nxe4 10. Bxe4 Bxc3+ 11. bxc3 Qxe4 12. 0-0 h5 13. Re1 Qf5 14. Qe2 d6 15. Nd4 Nxd4 16. Bxd4 e5 17. Rad1 Qe6 18. Qb5+ Qd7 19. Rxe5+ Kf8 20. Qxd7 Bxd7 21. Rd5 Rg8 22. Rxd6 Bc6 23. Bc5 Kg7 24. Re1 Rge8 25. Rxe8 Rxe8 26. Be3 Ba4 27. h3 a6 28. Rd2 Rc8 29. Kh2 Kf8 30. Bd4 Bc6 31. Kg3 Ke7 32. c4 h4+ 33. Kh2 f6 34. c5 Kf7 35. Re2 Re8 36. Rxe8 Bxe8 37. g4 hxg3+ 38. Kxg3 Ke6 39. Kf4 f5 40. Bc3 Kd5 41. Bb4 Kc4 42. c3 Kd5 43. h4 Ke6 44. Kg5 Ke5 45. a4 Ke6 46. a5 Ke5 47. f4+ Ke6 48. Ba3 Bf7 49. Bb4 Be8 50. Ba3 Bf7 51. Bb4 Be8 1/2-1/2

[Event "Hamburg-chA"]
[Site "Hamburg"]
[Date "2018.05.25"]
[Round "5"]
[White "Vesovic, Alexandar"]
[Black "Summers, Jan"]
[Result "1/2-1/2"]
[WhiteElo "1539"]
[BlackElo "1728"]
[PlyCount "66"]
[EventDate "2018.05.19"]
[EventType "swiss"]
[EventRounds "7"]
[EventCountry "GER"]
[SourceTitle "EXT 2020"]
[Source "ChessBase"]
[SourceDate "2019.10.17"]
[SourceVersion "1"]
[SourceVersionDate "2019.10.17"]
[SourceQuality "1"]

1. e4 c5 2. Nf3 Nc6 3. d4 cxd4 4. Nxd4 g6 5. c4 Bg7 6. Be3 Nf6 7. f3 0-0 8. Nc3 d6 9. Qd2 Bd7 10. Rd1 a6 11. Be2 Qc7 12. 0-0 Rab8 13. Rc1 Qd8 14. b3 Rc8 15. Rfd1 Nxd4 16. Bxd4 Bc6 17. Be3 Qa5 18. Bh6 Qb6+ 19. Kh1 Rfd8 20. Bxg7 Kxg7 21. Qd4 Qxd4 22. Rxd4 Nd7 23. Kg1 Rc7 24. Kf2 Rdc8 25. Rcd1 b6 26. g4 Bb7 27. h4 b5 28. Nd5 Bxd5 29. exd5 b4 30. Bd3 Nc5 31. Bc2 Rh8 32. h5 a5 33. Ke3 Rf8 1/2-1/2

[Event "Hamburg-chA"]
[Site "Hamburg"]
[Date "2018.05.19"]
[Round "1"]
[White "Grotrian, Peter"]
[Black "Summers, Jan"]
[Result "0-1"]
[WhiteElo "1508"]
[BlackElo "1728"]
[PlyCount "78"]
[EventDate "2018.05.19"]
[EventType "swiss"]
[EventRounds "7"]
[EventCountry "GER"]
[SourceTitle "EXT 2020"]
[Source "ChessBase"]
[SourceDate "2019.10.17"]
[SourceVersion "1"]
[SourceVersionDate "2019.10.17"]
[SourceQuality "1"]

1. e4 c5 2. Nf3 Nc6 3. d4 cxd4 4. Nxd4 g6 5. c4 Bg7 6. Be3 Nf6 7. Nc3 Ng4 8. Qxg4 Nxd4 9. Qd1 Ne6 10. Qd2 0-0 11. Bh6 b6 12. Bxg7 Kxg7 13. Rd1 Bb7 14. Qxd7 Nc5 15. Qxd8 Rfxd8 16. f3 Rxd1+ 17. Nxd1 Rd8 18. Be2 Nd3+ 19. Bxd3 Rxd3 20. Ke2 Rd4 21. Nc3 Rxc4 22. Rd1 Rc7 23. Ke3 a6 24. g3 b5 25. Kd4 e6 26. b4 Rc4+ 27. Kd3 Rxb4 28. Rd2 Rc4 29. f4 Rc7 30. e5 Rd7+ 31. Kc2 Rxd2+ 32. Kxd2 b4 33. Nb1 Bd5 34. a3 Ba2 35. Kc2 Bxb1+ 36. Kxb1 bxa3 37. Ka2 f6 38. exf6+ Kxf6 39. Kxa3 g5 0-1

[Event "GER-chT U10"]
[Site "Magdeburg"]
[Date "2014.12.27"]
[Round "2.4"]
[White "Huo, Da"]
[Black "Summers, Jan"]
[Result "1-0"]
[WhiteElo "600"]
[BlackElo "600"]
[PlyCount "79"]
[EventDate "2014.12.27"]
[EventType "team-swiss"]
[EventRounds "7"]
[EventCountry "GER"]
[SourceTitle "EXT 2016"]
[Source "ChessBase"]
[SourceDate "2015.10.08"]
[SourceVersion "1"]
[SourceVersionDate "2015.10.08"]
[SourceQuality "1"]
[WhiteTeam "Hamburger SK"]
[BlackTeam "Koenigsspringer"]
[WhiteTeamCountry "GER"]
[BlackTeamCountry "GER"]

1. e4 c5 2. Nf3 Nc6 3. Nc3 g6 4. Bb5 Bg7 5. Bxc6 bxc6 6. d3 Nf6 7. Be3 Qa5 8. Bd2 0-0 9. 0-0 Ng4 10. h3 Nh6 11. a3 Ba6 12. Rb1 e6 13. Qe1 c4 14. Qc1 d5 15. Nxd5 Qc5 16. Nc7 Qb6 17. Nxa8 Qb7 18. Bxh6 Qxa8 19. Bxg7 Kxg7 20. Qe3 f5 21. exf5 exf5 22. Qd4+ Rf6 23. Rfe1 Qb7 24. Re6 Qf7 25. Rxc6 Bb7 26. Ng5 Bxc6 27. Nxf7 Kxf7 28. Qxc4+ Kg7 29. Qc3 f4 30. Re1 Kf7 31. Qe5 Rf5 32. Qe6+ Kg7 33. Qxc6 Kh6 34. d4 Kh5 35. Re5 Rg5 36. Qf3+ Kh6 37. Qxf4 Kg7 38. Qxg5 Kf7 39. Re7+ Kg8 40. Rxa7 1-0